| 000 | 00438nam a2200169Ia 4500 | ||
|---|---|---|---|
| 005 | 20241003150652.0 | ||
| 008 | 240126s9999 xx 000 0 und d | ||
| 020 | _a9789388822381 | ||
| 082 | _a336.2 SUS;1 | ||
| 100 | _aSuseela, Jaya Vasudevan. | ||
| 245 | 0 | _aIndirect taxes : GST and other indirect taxes | |
| 250 | _a1st ed. | ||
| 260 |
_bEastern Book Company _aLucknow |
||
| 300 | _axxxii, 453 | ||
| 440 | _aNULL | ||
| 942 | _cPU | ||
| 999 |
_c293268 _d293268 |
||